<?xml version="1.0" encoding="UTF-8"?>
<record
    xmlns:xsi="http://www.w3.org/2001/XMLSchema-instance"
    xsi:schemaLocation="http://www.loc.gov/MARC21/slim http://www.loc.gov/standards/marcxml/schema/MARC21slim.xsd"
    xmlns="http://www.loc.gov/MARC21/slim">

  <leader>02345nam a2200313 i 4500</leader>
  <controlfield tag="003">DO-SdBNP</controlfield>
  <controlfield tag="005">20250709075849.0</controlfield>
  <controlfield tag="007">ta</controlfield>
  <controlfield tag="008">250704s2010    dr o    r     000 0 spa d</controlfield>
  <datafield tag="020" ind1=" " ind2=" ">
    <subfield code="a">9789945876208</subfield>
  </datafield>
  <datafield tag="040" ind1=" " ind2=" ">
    <subfield code="a">DO-SdBNP</subfield>
    <subfield code="b">spa</subfield>
    <subfield code="c">BNPHU</subfield>
    <subfield code="e">rda</subfield>
  </datafield>
  <datafield tag="082" ind1=" " ind2="4">
    <subfield code="a">xxx</subfield>
    <subfield code="b">C198</subfield>
    <subfield code="2">22</subfield>
  </datafield>
  <datafield tag="245" ind1="1" ind2="0">
    <subfield code="a">Campos de golf de la Rep&#xFA;blica Dominicana /</subfield>
    <subfield code="c">edici&#xF3;n, Carlos Lizarazo ; fotograf&#xED;as, Ricardo Rojas ; dise&#xF1;o, Rosanna Carolina Disla Eli</subfield>
  </datafield>
  <datafield tag="264" ind1=" " ind2="1">
    <subfield code="a">Santo Domingo :</subfield>
    <subfield code="b">Casa editorial,</subfield>
    <subfield code="c">2010.</subfield>
  </datafield>
  <datafield tag="300" ind1=" " ind2=" ">
    <subfield code="a">208 p&#xE1;ginas :</subfield>
    <subfield code="b">fotograf&#xED;as ;</subfield>
    <subfield code="c">24 cm.</subfield>
  </datafield>
  <datafield tag="336" ind1=" " ind2=" ">
    <subfield code="a">texto</subfield>
    <subfield code="b">txt</subfield>
    <subfield code="2">rdacontent</subfield>
  </datafield>
  <datafield tag="337" ind1=" " ind2=" ">
    <subfield code="a">sin mediaci&#xF3;n</subfield>
    <subfield code="b">n</subfield>
    <subfield code="2">rdamedia</subfield>
  </datafield>
  <datafield tag="338" ind1=" " ind2=" ">
    <subfield code="a">volumen</subfield>
    <subfield code="b">nc</subfield>
    <subfield code="2">rdacarrier</subfield>
  </datafield>
  <datafield tag="500" ind1=" " ind2=" ">
    <subfield code="a">Incluye datos biogr&#xE1;ficos del editor, fot&#xF3;grafo y dise&#xF1;o en la solapa de la contracubierta</subfield>
  </datafield>
  <datafield tag="520" ind1=" " ind2=" ">
    <subfield code="a">La Rep&#xFA;blica Dominicana es reconocida como un destino l&#xED;der para el golf en el Caribe, albergando numerosos campos de golf de renombre. Un libro importante sobre este tema es "Campos de golf de la Rep&#xFA;blica Dominicana" de Carlos Lizarazo, publicado por Imagenes Casa Editorial en 2010. Este libro, presentado por la Biblioteca Nacional Pedro Henr&#xED;quez Ure&#xF1;a, destaca la obra de prestigiosos dise&#xF1;adores de campos en la isla. 
Algunos de los campos de golf m&#xE1;s destacados en la Rep&#xFA;blica Dominicana, mencionados en diversas fuentes, incluyen:
Casa de Campo Resort &amp; Villas (La Romana):
Hogar de Teeth of the Dog (considerado uno de los mejores del Caribe), Dye Fore y The Links, todos dise&#xF1;ados por Pete Dye. 
Punta Cana:
Alberga el Punta Espada Golf Club (dise&#xF1;ado por Jack Nicklaus), Corales Golf Course (donde se celebra el PGA Tour) y Hard Rock Golf Club Cana Bay. Tambi&#xE9;n se encuentra La Cana Golf Club. 
Otros campos notables:
Playa Grande Golf &amp; Ocean Club, Punta Blanca Golf Course, Iberostate Bavaro Golf &amp; Club y Barcelo Lakes Golf Course. 
La Rep&#xFA;blica Dominicana ofrece una gran variedad de campos con impresionantes vistas, ya sea al mar Caribe o a paisajes interiores. </subfield>
  </datafield>
  <datafield tag="590" ind1=" " ind2=" ">
    <subfield code="a">Inventariado, 2025/ YL</subfield>
  </datafield>
  <datafield tag="650" ind1=" " ind2="7">
    <subfield code="a">Campos de golf</subfield>
    <subfield code="9">88243</subfield>
  </datafield>
  <datafield tag="650" ind1=" " ind2="7">
    <subfield code="a">Dise&#xF1;o sostenible</subfield>
    <subfield code="9">88244</subfield>
  </datafield>
  <datafield tag="700" ind1="1" ind2=" ">
    <subfield code="a">Lizarazo, Carlos </subfield>
    <subfield code="e">edici&#xF3;n</subfield>
    <subfield code="4">ed.</subfield>
    <subfield code="9">88245</subfield>
  </datafield>
  <datafield tag="700" ind1="1" ind2=" ">
    <subfield code="a">Rojas, Ricardo </subfield>
    <subfield code="e">fotograf&#xED;as</subfield>
    <subfield code="4">fo.</subfield>
    <subfield code="9">88246</subfield>
  </datafield>
  <datafield tag="700" ind1="1" ind2=" ">
    <subfield code="a">Disla Eli, Rosanna Carolina </subfield>
    <subfield code="e">dise&#xF1;o</subfield>
    <subfield code="4">di.</subfield>
    <subfield code="9">88247</subfield>
  </datafield>
  <datafield tag="910" ind1=" " ind2=" ">
    <subfield code="a">YLockward</subfield>
  </datafield>
  <datafield tag="942" ind1=" " ind2=" ">
    <subfield code="2">ddc</subfield>
    <subfield code="c">LBS1</subfield>
  </datafield>
  <datafield tag="952" ind1=" " ind2=" ">
    <subfield code="0">0</subfield>
    <subfield code="1">0</subfield>
    <subfield code="2">ddc</subfield>
    <subfield code="5">1</subfield>
    <subfield code="7">0</subfield>
    <subfield code="8">PD</subfield>
    <subfield code="a">BNPHU</subfield>
    <subfield code="b">BNPHU</subfield>
    <subfield code="c">CT</subfield>
    <subfield code="d">2025-07-04</subfield>
    <subfield code="l">0</subfield>
    <subfield code="o">BNPHU R-PD xxx C198</subfield>
    <subfield code="p">2025-6186</subfield>
    <subfield code="r">2025-07-04</subfield>
    <subfield code="w">2025-07-04</subfield>
    <subfield code="y">LBS1</subfield>
  </datafield>
  <datafield tag="999" ind1=" " ind2=" ">
    <subfield code="c">59427</subfield>
    <subfield code="d">59427</subfield>
  </datafield>
</record>
